| 000 | 01174nam a22002777a 4500 | ||
|---|---|---|---|
| 003 | SISC | ||
| 005 | 20180201101330.0 | ||
| 008 | 180201b xxu||||| |||| 00| 0 eng d | ||
| 050 | _aZA 3075 .P58 | ||
| 100 | _aPitagan, Ferdinand B. | ||
| 245 |
_aMedia and information literacy: _bcore subject / _cFerdinand B. Pitagan, Virginia P. Andres, Louis Mark N. Plaza, Conrado C. Rotor, Aurelio P. Vilbar, Cheryl F. Villanueva. |
||
| 260 |
_aQuezon City: _bCommission on Higher Education, _c2016. |
||
| 300 |
_a191 pages: _billustrations; _c28 cm. |
||
| 440 | _aTeaching guide for senior high school | ||
| 500 | _aThis teaching guide by the Commission on Higher Education is licensed under a Creative Commons Attribution - NonCommercial-ShareAlike 4.0 International License. | ||
| 504 | _aBibliography: pp. 183-189 | ||
| 650 |
_2Library of Congress Subject Headings _aInformation literacy |
||
| 650 |
_2Library of Congress Subject Headings _aMedia literacy |
||
| 700 | _aAndres, Virginia P. | ||
| 700 | _aVillanueva, Cheryl F. | ||
| 700 | _aVilbar, Aurelio P. | ||
| 700 | _aRotor, Conrado C. | ||
| 700 | _aPlaza, Louis Mark N. | ||
| 942 |
_2lcc _cBK |
||
| 999 |
_c354634 _d354634 |
||